Les Chefs d'État Européens - Statistiques

Statistiques générales
  • Ce quiz a été pris 7 fois
  • Le résultat moyen est 9 sur 49
Statistiques - réponses
Pays Depuis Titre Chef d'État % Correct
France 2017 Président Emmanuel Macron
100%
Espagne 2014 Roi Felipe VI
71%
Monaco 2005 Prince Albert II
57%
Royaume-Uni 2022 Roi Charles III
57%
Russie 2012 Président Vladimir Poutine
57%
Biélorussie 1994 Président Alexandre Loukachenko
43%
Vatican 2025 Pape Léon XIV
43%
Belgique 2013 Roi Philippe
43%
Turquie 2014 Président Recep Tayyip Erdoğan
43%
Andorre 20172025 Co-Prince Emmanuel MacronJosep-Lluis Serrano Pentinat
29%
Azerbaïdjan 2003 Président Ilham Aliyev
29%
Portugal 2016 Président Marcelo Rebelo de Sousa
29%
Chypre 2023 Président Níkos Christodoulídis
29%
Italie 2015 Président Sergio Mattarella
29%
Ukraine 2019 Président Volodymyr Zelensky
29%
Finlande 2024 Président Alexander Stubb
14%
Autriche 2017 Président Alexander Van der Bellen
14%
Irlande 2025 Présidente Catherine Connolly
14%
Suède 1973 Roi Charles XVI Gustave
14%
Lettonie 2023 Président Edgars Rinkēvičs
14%
Allemagne 2017 Président Frank-Walter Steinmeier
14%
Danemark 2024 Roi Frederik X
14%
Luxembourg 2025 Grand-Duc Guillaume V
14%
Liechtenstein 1989 Prince Hans-Adam II
14%
Norvège 1991 Roi Harald V
14%
Pologne 2025 Président Karol Nawrocki
14%
Grèce 2025 Président Konstanínos Tasoúlas
14%
Moldavie 2020 Présidente Maia Sandu
14%
Roumanie 2025 Président Nicușor Dan
14%
Tchéquie 2023 Président Petr Pavel
14%
Pays-Bas 2013 Roi Willem-Alexander
14%
Estonie 2021 Président Alar Karis
0%
Serbie 2017 Président Aleksandar Vučić
0%
Albanie 2022 Président Bajram Begaj
0%
Lituanie 2019 Président Gitanas Nauséda
0%
Macédoine du Nord 2024 Présidente Gordana Siljanovska-Davkova
0%
Suisse 2026 Président Guy Parmelin
0%
Islande 2024 Président Hallas Tómasdóttir
0%
Bulgarie 2026 Présidente Iliana Iotova
0%
Monténégro 2023 Président Jakov Miltović
0%
Géorgie 2024 Président Mikheïl Kavelachvili
0%
Malte 2024 Présidente Myriam Spiteri Debono
0%
Slovénie 2022 Présidente Nataša Pirc Musar
0%
Saint-Marin 2025 Capitaines-régent Oddone ScaritoFilippo da Sterpeto
0%
Slovaquie 2024 Président Peter Pellegrini
0%
Hongrie 2024 Président Tamás Sulyok
0%
Arménie 2022 Président Vahagn Khatchatourian
0%
Bosnie-Herzégovine 2025 Président Željko Komšić
0%
Croatie 2020 Président Zoan Milanović
0%
Aucun quiz correspondant
Distribution des résultats
% des personnes avec chaque résultat
Percentile par nombre de réponses
Votre historique - résultats
Vous n’avez pas pris ce quiz